000 00558nam a22001817a 4500
005 20251108172124.0
008 250721s2001 xx 000 0 ara d
082 1 4 _a306.87/عدس
100 1 _aعدس، محمد عبد الرحيم
_eمؤلف
245 1 0 _aالإحساس بالمسؤولية و تحمل تبعاتها /
264 1 _aعمان :
_bدار الفكر للنشر،
_c2001.
300 _a236 ص.
650 1 7 _aالعلاقات الأسرية
650 1 7 _aالآباء
650 1 7 _aالأبناء
942 _2ddc
_cBK
999 _c71005
_d71005